000 00770cam a22002533a 4500
001 12047
003 PGUSA
005 20140828083243.0
008 040401s2004||||xxu|||||s|||||000 | eng d
040 _aPGUSA
_beng
042 _adc
050 4 _aN
100 1 _aJameson,
_cMrs
_q(Anna),
_d1794-1860
245 1 0 _aLegends of the Madonna as Represented in the Fine Arts
_h[electronic resource] /
_cJameson,
260 _bProject Gutenberg,
_c2004
506 _aPublic domain in the USA.
516 _aElectronic text
653 _aMary, Blessed Virgin, Saint -- Legends
653 _aMary, Blessed Virgin, Saint -- Art
653 _aChristian saints in art
830 0 _aProject Gutenberg
_v12047
856 4 0 _uhttp://www.gutenberg.org/ebooks/12047
942 _cEB
999 _c241302
_d241302